Poesias Completas de Cesário Verde (Record no. 194861)
[ view plain ]
| 000 -LÍDER | |
|---|---|
| campo de controle de tamanho fixo | 00370 a2200157 4500 |
| 001 - NÚMERO DE CONTROLE | |
| campo de controle | 194861 |
| 040 ## - FONTE DA CATALOGAÇÃO | |
| Instituição que transcreveu o registro | Magnum |
| 100 ## - ENTRADA PRINCIPAL--NOME PESSOAL | |
| Nome pessoal | Verde, José Joaquim Cesário |
| 240 10 - TÍTULO UNIFORME | |
| Título uniforme | Poesias Completas de Cesário Verde |
| Idioma da obra | por |
| 245 10 - TÍTULO | |
| Título | Poesias Completas de Cesário Verde |
| 300 ## - DESCRIÇÃO FÍSICA | |
| Extensão | 53 |
| 362 0# - DATAS DE PUBLICAÇÃO E/OU DESIGNAÇÃO SEQUENCIAL | |
| Datas de publicação e/ou designação sequencial | 1987 |
| 440 #1 - DECLARAÇÃO DE SÉRIE/ENTRADA ADICIONADA--TÍTULO | |
| Título | Ediouro |
| 697 ## - ENTRADA DE ASSUNTO LOCAL--ENTIDADE COLETIVA (RLIN) | |
| Nome corporativo ou nome da jurisdição | LITERATURA GERAL |
| 942 ## - ELEMENTOS DE ENTRADA ADICIONADOS (KOHA) | |
| Tipo de material Koha | Livros |
| Situação do descarte | Situação das perdas | Situação física | Não pode ser emprestado | Biblioteca de origem | Biblioteca atual | Data de aquisição | Total de empréstimos | Número de chamada completo | Código de barras | Data de último acesso | Data do preço efetivo | Tipo de material Koha |
|---|---|---|---|---|---|---|---|---|---|---|---|---|
| Magnum | Magnum | 08/06/2024 | 869.01.160 | MAG00075548 | 08/06/2024 | 08/06/2024 | Livros |